000 01334nam a22000977a 4500
008 170415b xxu||||| |||| 00| 0 eng d
100 _aMackey, John
245 _aPostal history of Saxony
260 _aDublin, Ireland
_bJ.P. Mackey
_c1967
650 _aGermany | Saxony | Dresden | Leipzig | Saxony (Kingdom) | Saxe-Altenburg | Germany -- Saxony (1850-1868) | German States | Postal History | Postal Markings | Postal Service | Post Offices | Sub-Post Offices | Postal Agencies | Receiving Houses | OPD Leipzig | OPA Leipzig | Railway Mail | Mobile Post Offices | Postal Rates | Postal Laws and Regulations | Postal Routes | Fee Paid Mail | Free Franks | Official Mail | Pre-adhesive Covers | Covers | Transportation of Mail | Locals and Private Posts | Letter Carriers | Thurn and Taxis, House of | Mail Coaches | Express Mail | Disinfected Mail | Military Mail | Registered Mail | Postage Paid Markings | Postage Dues | Parcel Post | Acknowledgement of Receipt | Money Orders | C.O.D. Mail | Postal Congresses | Postal Unions | Stamps -- Histories | Production | Sheets and Panes | Engraving | Errors and Varieties | Printing | Color | Essays and Proofs | Designs | Designs -- Unaccepted | Unissued Issues | Plates and Plating | Postal Stationery | Cards | Embossed Issues | Bibliographies | Germany -- North German Confederation (1868-1871)
999 _c2362
_d2362